00310nam a2200121Ia 4500008004100000041000800041082001500049100001700064245004500081260002900126365001600155700001700171230718s9999 xx 000 0 und d aeng a006.3bNIL aNilsson N.J. aArtificial IntelligencebA New Synthesis bElsevier/ MorganKaufmann cRs.b450.00 aNilsson N.J.